| 000 | 01053cam a22002651 4500 | ||
|---|---|---|---|
| 001 | agr39000041 | ||
| 003 | DLC | ||
| 005 | 20260227110957.0 | ||
| 008 | 820202s1939 dcu f000 0 eng c | ||
| 010 | _aagr39000041 | ||
| 035 | _a(OCoLC)8120136 | ||
| 040 |
_aU.S. Dept. of agr. Library _cVi _dDLC |
||
| 042 | _apremarc | ||
| 050 | 0 | 0 |
_aZ5073 _b.U57 no. 34 |
| 082 | _a016.63 | ||
| 086 | 0 | _aA 17.8:no.34 | |
| 100 | 1 |
_aEdwards, Everett Eugene, _d1900- |
|
| 245 | 1 | 0 |
_aReferences on agriculture in the life of the nation. _cBy Everett E. Edwards ... |
| 260 |
_aWashington, D.C. _c[1939] |
||
| 300 |
_av, 73 p. _c27 cm. |
||
| 490 | 0 |
_aU.S. Dept. of Agriculture. Library. Bibliographical contributions _vno. 34 |
|
| 500 | _aContribution from Bureau of Agricultural Economics. | ||
| 500 | _aRevision and enlargement of a publication with title Agriculture in the life on the nation, a selected list of references, issued by the U.S. Bureau of Agricultural Economics, August 1930 and March 1931. | ||
| 650 | 0 |
_aAgriculture _zUnited States _vBibliography. |
|
| 999 |
_c9928 _d9928 |
||